|
|
|
|
| LEADER |
00000ncm a2200000 a 4500 |
| 001 |
vtls001469336 |
| 003 |
SK-MaSNL |
| 005 |
20260331204458.0 |
| 008 |
160801s2003 xo zy 0 und |
| 015 |
|
|
|a SNBH2004/04-01678
|
| 020 |
|
|
|a 8080512728
|
| 035 |
|
|
|a SNK000424641
|
| 040 |
|
|
|a SNK
|b slo
|c SNK
|e AACR2
|
| 044 |
|
|
|a xo
|c SK
|
| 072 |
|
7 |
|a 788
|2 konspekt
|
| 080 |
|
|
|a 78.087.34
|2 1981
|
| 080 |
|
|
|a 788.6
|2 1981
|
| 080 |
|
|
|a 788.7
|2 1981
|
| 080 |
|
|
|a 788.5
|2 1981
|
| 080 |
|
|
|a 788.8
|2 1981
|
| 080 |
|
|
|a 785.74:788.5/.8
|2 2. slo
|
| 080 |
|
|
|a 788.5/.8
|2 2. slo
|
| 100 |
1 |
|
|a Zeljenka, Ilja,
|d 1932-2007
|4 skl
|9 18972
|
| 245 |
1 |
|
|a Hra pre štyroch
|h hudobnina
|b súboru I fiati
|c Ilja Zeljenka
|
| 250 |
|
|
|a 1. vyd
|
| 260 |
|
|
|a Bratislava
|b Hudobný fond
|c 2003
|
| 300 |
|
|
|a 1 partitúra (29 s.)
|c 30 cm
|e 4 hlasy
|
| 500 |
|
|
|a 500 výt.
|
| 500 |
|
|
|a Faksimile vyd.
|
| 650 |
0 |
7 |
|a komorná hudba
|2 SNKPH
|9 3431
|
| 650 |
0 |
7 |
|a dychové kvartetá
|2 SNKPH
|9 151460
|
| 650 |
0 |
7 |
|a hudba pre dychové nástroje
|2 SNKPH
|9 3380
|
| 655 |
|
7 |
|a HHU
|2 SNK
|9 283804
|
| 655 |
|
7 |
|a partitúry a hlasy
|2 SNKPH
|9 70304
|
| 919 |
|
|
|a 80-8051-272-8
|
| 924 |
|
|
|a klarinet, hoboj, flauta a fagot
|
| 999 |
|
|
|c 1160889
|d 1162819
|
| 952 |
|
|
|t P60, <03>, [BOOK], {603}
|a SNK
|b SNK
|y PREZ
|7 0
|p 17A0415646
|o snkHSB 3733
|i snkKSP 2607/2004
|0 0
|1 0
|4 0
|d 2004-02-23
|l 0
|r 2005-01-02 00:00:00
|w 2026-02-24
|
| 952 |
|
|
|t P60, <04>, [BOOK], {604}
|a SNK
|b SNK
|y VYP
|7 0
|p 17A0415680
|o snkHSB 3733/príl. 3 D1
|i snkKSP 2608/2004
|0 0
|1 0
|4 0
|d 2004-02-23
|l 0
|r 2005-01-02 00:00:00
|w 2026-02-24
|
| 952 |
|
|
|t P60, <03>, [BOOK], {603}
|a SNK
|b SNK
|y PREZ
|7 0
|p 17A0415682
|o snkHSB 3733/príl. 1
|i snkKSP 2607/2004
|0 0
|1 0
|4 0
|d 2004-02-23
|l 0
|r 2005-01-02 00:00:00
|w 2026-02-24
|
| 952 |
|
|
|t P60, <03>, [BOOK], {603}
|a SNK
|b SNK
|y PREZ
|7 0
|p 17A0415683
|o snkHSB 3733/príl. 2
|i snkKSP 2607/2004
|0 0
|1 0
|4 0
|d 2004-02-23
|l 0
|r 2005-01-02 00:00:00
|w 2026-02-24
|
| 952 |
|
|
|t P60, <03>, [BOOK], {603}
|a SNK
|b SNK
|y PREZ
|7 0
|p 17A0415684
|o snkHSB 3733/príl. 3
|i snkKSP 2607/2004
|0 0
|1 0
|4 0
|d 2004-02-23
|l 0
|r 2005-01-02 00:00:00
|w 2026-02-24
|
| 952 |
|
|
|t P60, <03>, [BOOK], {603}
|a SNK
|b SNK
|y PREZ
|7 0
|p 17A0415685
|o snkHSB 3733/príl. 4
|i snkKSP 2607/2004
|0 0
|1 0
|4 0
|d 2004-02-23
|l 0
|r 2005-01-02 00:00:00
|w 2026-02-24
|
| 952 |
|
|
|t P60, <04>, [BOOK], {604}
|a SNK
|b SNK
|y VYP
|7 0
|p 17A0415681
|o snkHSB 3733/príl. D1
|i snkKSP 2608/2004
|0 0
|1 0
|4 0
|d 2004-02-23
|l 0
|r 2005-01-02 00:00:00
|w 2026-02-24
|
| 952 |
|
|
|t P60, <04>, [BOOK], {604}
|a SNK
|b SNK
|y VYP
|7 0
|p 17A0415679
|o snkHSB 3733/príl. 2 D1
|i snkKSP 2608/2004
|0 0
|1 0
|4 0
|d 2004-02-23
|l 0
|r 2005-01-02 00:00:00
|w 2026-02-24
|
| 952 |
|
|
|t P60, <04>, [BOOK], {604}
|a SNK
|b SNK
|y VYP
|7 0
|p 17A0415677
|o snkHSB 3733/príl. 4 D1
|i snkKSP 2608/2004
|0 0
|1 0
|4 0
|d 2004-02-23
|l 0
|r 2005-01-02 00:00:00
|w 2026-02-24
|
| 952 |
|
|
|t P60, <04>, [BOOK], {604}
|a SNK
|b SNK
|y VYP
|7 0
|p 17A0415678
|o snkHSB 3733/príl. 1 D1
|i snkKSP 2608/2004
|0 0
|1 0
|4 0
|d 2004-02-23
|l 0
|r 2005-01-02 00:00:00
|w 2026-02-24
|